Marcus and Martinus "Unforgettable" album - Statistics

General Stats
  • This quiz has been taken 9 times
  • The average score is 9 of 11
Answer Stats
Hint Answer % Correct
2 Love flow
100%
1 Unforgettable
100%
7 When all the lights go out
100%
3 Air
88%
4 Follow me
88%
5 Gimme your love
88%
11 247365
75%
6 Talk
75%
8 Wicked game
75%
9 Die for you
63%
10 We are not the same
63%
No matching quizzes found
Score Distribution
Percent of People with Each Score
Percentile by Number Answered
Your Score History
You have not taken this quiz